000
00262nam a22001217a 4500
008
170529b xxu||||| |||| 00| 0 eng d
041
_a
GER
080
_a
621.3
100
_a
25
101
_a
IM
245
_a
DATEN ORGANISATION
_c
WEDEKING.H
942
_2
udc
_c
BK
999
_c
14748
_d
14748